Biblioteca

¿Cuál es tu arquetipo? (Registro nro. 49789)

Detalles MARC
000 -LÍDER
Campo fijo de descripción fija 01200aab a2200217 4500
001 - NÚMERO DE CONTROL
Campo de control 768714001
003 - IDENTIFICADOR DEL NÚMERO DE CONTROL
Campo de control CO-MdFUSB
005 - FECHA Y HORA DE LA ULTIMA TRANSACCIÓN
control field 20240531145347.0
008 - ELEMENTOS DE LONGITUD FIJA -- INFORMACIÓN GENERAL
Campo fijo de descripción fija -- Información general 170509s1993 cr ||||| |||| 00| 0 spa d
022 ## - NÚMERO INTERNACIONAL NORMALIZADO PARA PUBLICACIONES SERIADAS
Número Internacional Normalizado para Publicaciones Seriadas 1409-1968
040 ## - FUENTE DE CATALOGACIÓN
Agencia Catalogadora CO-MdFUSB
Idioma de catalogación spa
Agencia que realiza la transcripción CO-MdFUSB
Agencia que realiza la modificación CO-MdFUSB
041 ## - CÓDIGO DE IDIOMA
Código de idioma para texto/pista de sonido o título separado spa
100 1# - ASIENTO PRINCIPAL--NOMBRE PERSONAL
Nombre personal Silva, José (1914-)
Término relacionador autor
245 10 - TÍTULO
Título ¿Cuál es tu arquetipo?
Mención de responsabilidad / José Silva
300 ## - DESCRIPCIÓN FÍSICA
Extensión Volumen 10. Número 5 (1993), páginas 38
Dimensiones : 27 cm.
520 ## - NOTA DE RESUMEN, ETC.
Nota de sumario, etc. Admirar significa valorar los aspectos positivos en otras personas, y si esas características son verdaderamente sorprendentes, pues hasta tendremos una especie de codicia santa en tener esas características de tal o cual persona. Sin embargo, una cosa es desear mejorar en nuestra vida para alcanzar para alcanzar victorias personales en el carácter, tal como otros lo han hecho, pero un mal enfoque de esto puede llevarnos , aun sin darnos cuenta, a buscar modelos terrenales, perdiendo de vista el gran modelo que fue puesto delante de nosotros.
650 #7 - ASIENTO SECUNDARIO DE MATERIA - TERMINO TEMÁTICO
Término temático o nombre geográfico como elemento de entrada Cristología
9 (RLIN) 239
773 0# - ASIENTO DE ITEM FUENTE
Título Apuntes Pastorales
Biblionumber 49442
Itemnumber 60186
Parte(s) relacionada(s) / Volumen., número. (mes año), páginas Volumen 10. Número 5 (1993), páginas 38
Enumeración y primera página Página 38
942 ## - TIPO DE MATERIAL (KOHA)
Tipo de Item KOHA Artículos de Revista
945 ## - INFORMACIÓN LOCAL DEL REGISTRO
Catalogador JTF-925

No hay ítems disponibles.

Biblioteca FUSBC | Teléfono: (57+4) 349 88 10 Ext. 141| WhatsApp (+57) 3005338115 
E-mail: biblioteca@unisbc.edu.co | Calle 76 87-14 Robledo Palenque, Medellín, Colombia

Con tecnología Koha